000 00397cam a2200157ua 4500
041 _aeng
_h
082 _a305.56
_bGIT/UN
100 _aGittler, Joseph B .
245 _aUnderstanding minority groups /
_cB Joseph Gittler.
_hTextual Documents
250 _a1 /
_b.
260 _aLondon :
_bJohn Wiley & Sons ,
_c1956.
300 _a139 ; .
504 _a
942 _cBK
999 _c3221
_d3221